[Event "2.BLS 1617 Caissa Schwarzb. - SC Emmend"]
[Site "?"]
[Date "2016.11.20"]
[Round "2.8"]
[White "Gress, Alexander"]
[Black "Bauer, Andreas"]
[Result "1/2-1/2"]
[WhiteElo "2170"]
[BlackElo "2248"]
[PlyCount "63"]
[EventDate "2016.??.??"]

1. e4 c5 2. Nf3 d6 3. d4 cxd4 4. Nxd4 Nf6 5. Nc3 g6 6. Be3 Bg7 7. f3 Nc6 8. Bc4
O-O 9. Bb3 Bd7 10. Qd2 Rc8 11. O-O-O Nxd4 12. Bxd4 b5 13. a3 a5 14. Kb1 b4 15.
axb4 axb4 16. Na2 Be6 17. Bxe6 fxe6 18. Nxb4 Ra8 19. c3 Qc7 20. b3 d5 21. exd5
exd5 22. Bxf6 Bxf6 23. Nxd5 Qa5 24. Nxf6+ Kh8 25. Qb2 Rxf6 26. Rhe1 Rfa6 27.
c4+ Kg8 28. Rxe7 Qf5+ 29. Re4 Qc5 30. Rde1 Ra1+ 31. Qxa1 Rxa1+ 32. Kxa1 1/2-1/2

[Event "2.BLS 1617 Schott Mainz - TSV Schönaic"]
[Site "?"]
[Date "2016.11.20"]
[Round "2.1"]
[White "Ivanisevic, Ivan"]
[Black "Lobron, Eric"]
[Result "1/2-1/2"]
[WhiteElo "2645"]
[BlackElo "2518"]
[PlyCount "136"]
[EventDate "2016.??.??"]

1. d4 Nf6 2. c4 e6 3. Nc3 Bb4 4. Qc2 O-O 5. e4 d5 6. e5 Ne4 7. Bd3 c5 8. Nf3
cxd4 9. Nxd4 Nd7 10. Bf4 Ndc5 11. O-O Bxc3 12. bxc3 Bd7 13. Be2 Na4 14. cxd5
exd5 15. Rab1 b6 16. Rb3 Nac5 17. Ra3 Qe7 18. Qc1 f6 19. exf6 Qxf6 20. Be3 Qg6
21. Kh1 Nd6 22. Nf3 Bb5 23. Bxb5 Nxb5 24. Bxc5 bxc5 25. Rb3 Nd6 26. Qe3 Ne4 27.
Nd2 Qa6 28. Rbb1 Nxd2 29. Qxd2 Rad8 30. Rfe1 Rd7 31. f3 d4 32. Re4 Qc4 33. cxd4
Rxd4 34. Rxd4 cxd4 35. h3 d3 36. Rb7 Qd4 37. Qb2 Rd8 38. Qxd4 Rxd4 39. Rb1 Ra4
40. Rd1 Ra3 41. Rd2 Kf7 42. Kg1 Ke6 43. Kf2 Kd5 44. Ke3 Kc4 45. Rb2 Ra6 46. Rb7
Re6+ 47. Kd2 Re2+ 48. Kd1 Rxg2 49. Rxa7 h5 50. a4 g5 51. a5 Kd4 52. a6 Ke3 53.
Re7+ Kxf3 54. Rd7 Rg1+ 55. Kd2 Ra1 56. Rxd3+ Kg2 57. Rd5 g4 58. hxg4 h4 59. g5
Rxa6 60. Ke3 h3 61. Kf4 h2 62. Rd2+ Kh3 63. Rd1 Ra4+ 64. Kf5 Rg4 65. Rh1 Rg1
66. Rxh2+ Kxh2 67. g6 Kh3 68. Kf6 Rxg6+ 1/2-1/2

[Event "2.BLS 1617 Schott Mainz - TSV Schönaic"]
[Site "?"]
[Date "2016.11.20"]
[Round "2.2"]
[White "Cicak, Slavko"]
[Black "Bosiocic, Marin"]
[Result "1/2-1/2"]
[WhiteElo "2511"]
[BlackElo "2586"]
[PlyCount "72"]
[EventDate "2016.??.??"]

1. e4 c5 2. Nf3 e6 3. b3 b6 4. Bd3 Bb7 5. O-O Nc6 6. Re1 Nge7 7. Bb2 Ng6 8. Bf1
Bd6 9. c3 O-O 10. d4 Bb8 11. d5 Nce5 12. Nxe5 Bxe5 13. Nd2 exd5 14. exd5 d6 15.
Nf3 Bf6 16. Qd2 Bc8 17. h3 Bd7 18. c4 Bxb2 19. Qxb2 f5 20. a3 Rf7 21. b4 f4 22.
Bd3 Nh4 23. Be4 Rc8 24. b5 Ra8 25. Re2 a6 26. a4 Nf5 27. Rae1 Qf6 28. Bxf5 Qxf5
29. bxa6 Rxa6 30. a5 b5 31. cxb5 Rxa5 32. b6 Ra8 33. b7 Rb8 34. Qb6 Qxd5 35.
Rd2 Qxb7 36. Qxd6 h6 1/2-1/2

[Event "2.BLS 1617 Schott Mainz - TSV Schönaic"]
[Site "?"]
[Date "2016.11.20"]
[Round "2.3"]
[White "Danin, Alexandre"]
[Black "Balcerak, Jakob"]
[Result "1/2-1/2"]
[WhiteElo "2579"]
[BlackElo "2454"]
[PlyCount "90"]
[EventDate "2016.??.??"]

1. e4 c5 2. Nf3 d6 3. d4 cxd4 4. Nxd4 Nf6 5. Nc3 a6 6. Bc4 e6 7. Bb3 b5 8. O-O
Be7 9. Qf3 Qc7 10. Qg3 O-O 11. Bh6 Ne8 12. Rad1 Bd7 13. f4 Nc6 14. Nce2 Kh8 15.
Bg5 Nf6 16. Qh4 Rae8 17. f5 Nxd4 18. Nxd4 exf5 19. exf5 Bd8 20. c3 Bc6 21. Rf4
Bb7 22. Qh3 Re4 23. Rxe4 Bxe4 24. Bf4 Qd7 25. g4 Bb6 26. Qg3 Ba8 27. Re1 Re8
28. Rxe8+ Qxe8 29. g5 Nd5 30. Bxd5 Bxd5 31. Qe3 Qxe3+ 32. Bxe3 Bxa2 33. Kf2 Bb1
34. Kf3 Bxd4 35. Bxd4 Bxf5 36. b4 Kg8 37. Kf4 Bc2 38. h4 h6 39. gxh6 gxh6 40.
Bf6 Kf8 41. Kg4 Bd1+ 42. Kf5 Bc2+ 43. Kg4 Bd1+ 44. Kf5 h5 45. Bg5 Ke8 1/2-1/2

[Event "2.BLS 1617 Schott Mainz - TSV Schönaic"]
[Site "?"]
[Date "2016.11.20"]
[Round "2.4"]
[White "Schenderowitsch, Michael"]
[Black "Saric, Ante"]
[Result "0-1"]
[WhiteElo "2348"]
[BlackElo "2546"]
[PlyCount "78"]
[EventDate "2016.??.??"]

1. d4 Nf6 2. c4 e6 3. Nf3 d5 4. Nc3 dxc4 5. e3 a6 6. Bxc4 b5 7. Bd3 Bb7 8. O-O
Nbd7 9. Qe2 c5 10. a3 Qb6 11. Bc2 Be7 12. dxc5 Nxc5 13. e4 O-O 14. b4 Ncd7 15.
Bb2 Rac8 16. Rac1 Ng4 17. Nb1 Bf6 18. Bxf6 Ngxf6 19. Nbd2 g6 20. Bb1 Rc7 21.
Nb3 Rfc8 22. Rxc7 Qxc7 23. Nfd2 Qe5 24. Na5 Ba8 25. a4 Qc3 26. axb5 axb5 27.
Bd3 Qxb4 28. Nab3 Rb8 29. Rb1 Bc6 30. Qe3 Ne5 31. Nd4 Qc5 32. Nxc6 Qxc6 33. Bf1
b4 34. Qd4 Qc7 35. Rxb4 Rd8 36. Qb2 Nfg4 37. f4 Qc5+ 38. Kh1 Nf2+ 39. Kg1 Nh3+
0-1

[Event "2.BLS 1617 Schott Mainz - TSV Schönaic"]
[Site "?"]
[Date "2016.11.20"]
[Round "2.5"]
[White "Martinovic, Sasa"]
[Black "Lanka, Zigurds"]
[Result "1-0"]
[WhiteElo "2560"]
[BlackElo "2439"]
[PlyCount "69"]
[EventDate "2016.??.??"]

1. d4 Nf6 2. c4 g6 3. Nc3 Bg7 4. e4 d6 5. Nf3 O-O 6. h3 e5 7. d5 a5 8. Be3 Na6
9. g4 c6 10. Nd2 Nc5 11. Be2 a4 12. a3 Qa5 13. Kf1 Bd7 14. h4 cxd5 15. cxd5 b5
16. h5 Rab8 17. g5 Ne8 18. Na2 Qd8 19. Nb4 Nc7 20. Bg4 Be8 21. Qf3 f5 22. gxf6
Bxf6 23. hxg6 hxg6 24. Ke2 Bg7 25. Qh3 Rf4 26. Rac1 Qe7 27. f3 Kf8 28. Rxc5
dxc5 29. Nd3 c4 30. Nxf4 exf4 31. Bxf4 Nxd5 32. Bxb8 c3 33. Qh2 Qg5 34. Qd6+
Ne7 35. bxc3 1-0

[Event "2.BLS 1617 Schott Mainz - TSV Schönaic"]
[Site "?"]
[Date "2016.11.20"]
[Round "2.6"]
[White "Gohil, Harry"]
[Black "Volke, Karsten"]
[Result "0-1"]
[WhiteElo "2289"]
[BlackElo "2467"]
[PlyCount "106"]
[EventDate "2016.??.??"]

1. d4 Nf6 2. Bg5 e6 3. e4 h6 4. Bxf6 Qxf6 5. c3 d6 6. Bd3 Qg5 7. Ne2 Qxg2 8.
Ng3 Qh3 9. Na3 e5 10. Qa4+ c6 11. d5 Be7 12. dxc6 Nxc6 13. Bf1 Qh4 14. Nc4 O-O
15. Nb6 Rb8 16. Nxc8 Rbxc8 17. Nf5 Qf4 18. Bh3 b5 19. Qc2 Qf3 20. Ng3 Rc7 21.
O-O g6 22. Qd1 Qf4 23. Qd3 Bf6 24. Ne2 Qh4 25. f4 exf4 26. Nxf4 Ne5 27. Qg3
Qxg3+ 28. hxg3 Bg7 29. Nd5 Rb7 30. b4 Nc4 31. a4 Nb6 32. Nxb6 axb6 33. axb5
Bxc3 34. Ra4 Rc7 35. Rf3 Re8 36. Bg2 Re5 37. Rd3 Rxb5 38. Rxd6 Rxb4 39. Rxb4
Bxb4 40. Rd8+ Kg7 41. Rb8 Bc5+ 42. Kf1 h5 43. Bf3 Ra7 44. Be2 Ra3 45. Rb7 Rxg3
46. Bc4 Rf3+ 47. Kg2 Rf2+ 48. Kg3 g5 49. e5 Kg6 50. Bd3+ Kh6 51. Bc4 h4+ 52.
Kh3 Kg6 53. Bd3+ Kh5 0-1

[Event "2.BLS 1617 Schott Mainz - TSV Schönaic"]
[Site "?"]
[Date "2016.11.20"]
[Round "2.7"]
[White "Menezes, Christoph"]
[Black "Bewersdorff, Oliver"]
[Result "1-0"]
[WhiteElo "2399"]
[BlackElo "2306"]
[PlyCount "107"]
[EventDate "2016.??.??"]

1. d4 Nf6 2. c4 g6 3. Nc3 d5 4. Nf3 Bg7 5. cxd5 Nxd5 6. e4 Nxc3 7. bxc3 c5 8.
Be3 Qa5 9. Qd2 Nc6 10. Rc1 cxd4 11. cxd4 Qxd2+ 12. Kxd2 O-O 13. d5 Rd8 14. Kc2
Na5 15. Bg5 Bf6 16. Bd2 b6 17. Bb5 Bd7 18. Bxd7 Rxd7 19. Kd1 Nb7 20. Ke2 Nc5
21. Rc4 Re8 22. Be3 Nb7 23. Nd2 e6 24. dxe6 Rxe6 25. Rhc1 Nd6 26. Rc6 Kg7 27.
f4 Nb5 28. e5 Be7 29. Rxe6 fxe6 30. Nb3 Kf7 31. g4 h5 32. h3 Ba3 33. Rc2 hxg4
34. hxg4 Rd8 35. Kf3 Rd1 36. Rc8 Rd7 37. Ke4 Bb4 38. Nd4 Nxd4 39. Bxd4 Bd2 40.
Bf2 Bb4 41. Be3 Bf8 42. f5 gxf5+ 43. gxf5 exf5+ 44. Kxf5 Rd5 45. Rc7+ Kg8 46.
Bg5 Ra5 47. Rc2 Kf7 48. Bf6 Rc5 49. Rh2 a5 50. Rh7+ Ke8 51. Rb7 Rc6 52. e6 Bd6
53. Rd7 Bc7 54. Rh7 1-0

[Event "2.BLS 1617 Schott Mainz - TSV Schönaic"]
[Site "?"]
[Date "2016.11.20"]
[Round "2.8"]
[White "Kienast, Joerg"]
[Black "Steinhart, Christoph"]
[Result "1-0"]
[WhiteElo "2227"]
[BlackElo "2022"]
[PlyCount "107"]
[EventDate "2016.??.??"]

1. e4 c5 2. Nf3 d6 3. c3 Nf6 4. Be2 Nc6 5. d3 Bg4 6. h3 Bh5 7. Be3 e6 8. Nbd2
Be7 9. O-O O-O 10. a3 a5 11. d4 cxd4 12. Nxd4 Bxe2 13. Qxe2 d5 14. Rfd1 Nxd4
15. Bxd4 Qc7 16. exd5 Nxd5 17. Be5 Bd6 18. Bxd6 Qxd6 19. Nc4 Qc7 20. Rd4 Rfd8
21. Rad1 h6 22. Qd2 Rd7 23. Nxa5 Qxa5 24. c4 Qxd2 25. R1xd2 Rad8 26. cxd5 Rxd5
27. Rxd5 exd5 28. Kf1 Kf8 29. Rc2 Rd7 30. Ke2 Ke7 31. Kd3 Kd6 32. Rc8 Re7 33.
Rd8+ Kc6 34. f3 Re1 35. Rg8 g6 36. Rf8 Re7 37. a4 b6 38. Kd4 Re2 39. b4 Rd2+
40. Ke3 Rxg2 41. Rxf7 Kd6 42. Kd4 Rd2+ 43. Kc3 Rg2 44. Rf6+ Ke5 45. Rxb6 Rg3
46. a5 Rxh3 47. Rxg6 Rxf3+ 48. Kb2 Kd4 49. a6 Kc4 50. a7 Rf8 51. Rb6 Ra8 52.
Rb7 d4 53. b5 d3 54. b6 1-0

[Event "2.BLS 1617 SC Viernheim - SC Deizisau"]
[Site "?"]
[Date "2016.11.20"]
[Round "2.4"]
[White "Kryvoruchko, Yuriy"]
[Black "Gupta, Abhijeet"]
[Result "1/2-1/2"]
[WhiteElo "2702"]
[BlackElo "2630"]
[PlyCount "95"]
[EventDate "2016.??.??"]

1. e4 c5 2. Nf3 d6 3. d4 cxd4 4. Nxd4 Nf6 5. Nc3 Nc6 6. Bg5 e6 7. Qd2 a6 8.
O-O-O Bd7 9. f3 Be7 10. Kb1 O-O 11. h4 b5 12. Nxc6 Bxc6 13. Ne2 Bb7 14. Nd4 Rc8
15. g4 Nd7 16. Qe3 Ne5 17. Rh2 Qc7 18. Rhd2 Rfd8 19. Bxe7 Qxe7 20. g5 Qc7 21.
h5 Qc5 22. Qe1 Nc4 23. Bxc4 bxc4 24. Qg3 Qe5 25. Ne2 Qxg3 26. Nxg3 d5 27. Ne2
Kf8 28. e5 Ke7 29. Nd4 Bc6 30. f4 Bd7 31. Rf2 f6 32. exf6+ gxf6 33. Re1 Kd6 34.
Rfe2 fxg5 35. Nxe6 Re8 36. Nxg5 Rxe2 37. Rxe2 Rf8 38. Nxh7 Rxf4 39. a4 Rf5 40.
h6 Rh5 41. Nf6 Rxh6 42. Nxd7 Kxd7 43. c3 Rh1+ 44. Ka2 a5 45. Rg2 Kc6 46. Rg6+
Kb7 47. Rd6 Rd1 48. Rd7+ 1/2-1/2

[Event "2.BLS 1617 SC Viernheim - SC Deizisau"]
[Site "?"]
[Date "2016.11.20"]
[Round "2.5"]
[White "Krasenkow, Michal"]
[Black "Korobov, Anton"]
[Result "1/2-1/2"]
[WhiteElo "2627"]
[BlackElo "2689"]
[PlyCount "94"]
[EventDate "2016.??.??"]

1. d4 d5 2. c4 c6 3. Nc3 Nf6 4. e3 e6 5. Nf3 Nbd7 6. Bd3 dxc4 7. Bxc4 b5 8. Bd3
Bb7 9. O-O a6 10. a4 Be7 11. axb5 cxb5 12. Qe2 O-O 13. e4 Rc8 14. e5 Ne8 15.
Ne4 g6 16. h4 Ng7 17. Bg5 Nf5 18. g4 Nxh4 19. Bxh4 Bxh4 20. Nd6 Rc7 21. Nxb7
Rxb7 22. Rxa6 Be7 23. Kg2 Nb6 24. Qe3 Re8 25. Rh1 Bf8 26. Be4 Nd5 27. Bxd5 Qxd5
28. Kg3 Rc7 29. Rh3 Rec8 30. Ra1 Qd8 31. Ng5 h5 32. Ne4 hxg4 33. Nf6+ Qxf6 34.
exf6 gxh3 35. Rh1 Rd7 36. Rxh3 Rd5 37. Kg2 Rf5 38. Qg3 Rxf6 39. Qe5 Bg7 40.
Qxb5 Rf5 41. Qd7 Rb8 42. b3 Rd5 43. Qc7 Rbd8 44. b4 Bxd4 45. b5 R5d7 46. Qf4
Rb7 47. Rd3 Rxb5 1/2-1/2

[Event "2.BLS 1617 SC Viernheim - SC Deizisau"]
[Site "?"]
[Date "2016.11.20"]
[Round "2.6"]
[White "Kovalenko, Igor"]
[Black "Dautov, Rustem"]
[Result "1/2-1/2"]
[WhiteElo "2682"]
[BlackElo "2607"]
[PlyCount "71"]
[EventDate "2016.??.??"]

1. c4 c6 2. Nf3 d5 3. e3 Nf6 4. Nc3 a6 5. h3 e6 6. b3 c5 7. Bb2 Nc6 8. cxd5
exd5 9. Rc1 Be6 10. Na4 Nd7 11. d4 cxd4 12. Nxd4 Bb4+ 13. Nc3 O-O 14. Be2 Nxd4
15. Qxd4 Bc5 16. Qf4 Ba7 17. Rd1 Bb8 18. Qd4 Ba7 19. Qd2 Qg5 20. O-O Nf6 21.
Bf3 Rad8 22. Ne2 Bxh3 23. Qb4 Ne4 24. Nf4 Bg4 25. Bxg4 Qxg4 26. Rxd5 Nxf2 27.
Qe7 Rxd5 28. Nxd5 Nh3+ 29. Kh1 Ng5 30. Ba3 Rc8 31. Qxb7 Qh4+ 32. Kg1 Nh3+ 33.
gxh3 Qg3+ 34. Kh1 Qxh3+ 35. Kg1 Qg3+ 36. Kh1 1/2-1/2

[Event "2.BLS 1617 SC Viernheim - SC Deizisau"]
[Site "?"]
[Date "2016.11.20"]
[Round "2.7"]
[White "Lagarde, Maxime"]
[Black "Fedorchuk, Sergey"]
[Result "1-0"]
[WhiteElo "2589"]
[BlackElo "2615"]
[PlyCount "81"]
[EventDate "2016.??.??"]

1. e4 e5 2. Nf3 Nc6 3. Bb5 a6 4. Ba4 Nf6 5. d3 Bc5 6. Nc3 O-O 7. a3 Re8 8. Bg5
h6 9. Bh4 b5 10. Bb3 Be7 11. O-O Rb8 12. h3 d6 13. Re1 Nd7 14. Bg3 Nb6 15. Nd5
Nxd5 16. exd5 Na5 17. Ba2 Bf6 18. b4 e4 19. dxe4 Bxa1 20. Qxa1 Nb7 21. Nd4 Ra8
22. Qc3 Qf6 23. f4 Qg6 24. e5 Bf5 25. Kh2 Re7 26. Nc6 Ree8 27. Nd4 Re7 28. Bh4
Be4 29. g4 dxe5 30. Bxe7 exd4 31. Qxc7 h5 32. Qxb7 hxg4 33. Qxa8+ Kh7 34. Qc8
Bf5 35. Qc5 Qh6 36. Qxd4 Qxh3+ 37. Kg1 Qg3+ 38. Kf1 Qh3+ 39. Ke2 g3 40. Kd2
Qh2+ 41. Re2 1-0

[Event "2.BLS 1617 SC Viernheim - SC Deizisau"]
[Site "?"]
[Date "2016.11.20"]
[Round "2.8"]
[White "Maze, Sebastien"]
[Black "Graf, Alexander"]
[Result "0-1"]
[WhiteElo "2615"]
[BlackElo "2564"]
[PlyCount "120"]
[EventDate "2016.??.??"]

1. e4 e6 2. d4 d5 3. Nc3 Nf6 4. Bg5 Be7 5. e5 Nfd7 6. Bxe7 Qxe7 7. Nb5 Nf8 8.
c3 Ng6 9. Nf3 a6 10. Na3 c5 11. h4 h6 12. h5 Nf8 13. dxc5 Nc6 14. Bd3 Qc7 15.
Qa4 Rb8 16. O-O Nd7 17. Rfe1 O-O 18. Rad1 Ncxe5 19. Nxe5 Nxe5 20. Bb1 Nd7 21.
c4 Qxc5 22. cxd5 exd5 23. Qf4 Ra8 24. Nc2 Nf6 25. Nd4 Bg4 26. Rd3 Rae8 27. Rc1
Nxh5 28. Qd2 Qe7 29. Rdc3 Qe5 30. Rc7 Nf4 31. g3 Ne6 32. Nxe6 Rxe6 33. Rxb7 Qh5
34. Rb4 Rfe8 35. Bd3 Bf3 36. Rh4 Qg5 37. Rf4 Qh5 38. Rh4 Qg5 39. Rf4 Be4 40.
Bxe4 dxe4 41. Qe3 Rf6 42. Rc5 Qg6 43. Rc3 Rxf4 44. Qxf4 Rd8 45. Kg2 Qe6 46. a3
Rd3 47. Qb8+ Kh7 48. Qc8 Qxc8 49. Rxc8 Rd2 50. Re8 f5 51. g4 fxg4 52. Rxe4 h5
53. Rb4 g6 54. Kg3 Kh6 55. Ra4 Rxb2 56. Rxa6 Rb3+ 57. Kg2 h4 58. a4 g3 59. fxg3
Rxg3+ 60. Kh2 Ra3 0-1

[Event "2.BLS 1617 SF Schöneck - SC Heusenstam"]
[Site "?"]
[Date "2016.11.20"]
[Round "2.1"]
[White "Sadzikowski, Daniel"]
[Black "Polak, Tomas"]
[Result "0-1"]
[WhiteElo "2538"]
[BlackElo "2506"]
[PlyCount "96"]
[EventDate "2016.??.??"]

1. c4 e6 2. Nc3 Nf6 3. Nf3 Bb4 4. Qc2 b6 5. a3 Bxc3 6. Qxc3 Bb7 7. b4 d6 8. e3
Nbd7 9. Be2 c5 10. O-O O-O 11. d4 Qe7 12. dxc5 dxc5 13. Bb2 Rfd8 14. Rfd1 a5
15. b5 Ne8 16. h4 h6 17. h5 f6 18. Rd3 Nf8 19. Rad1 Nd6 20. Nh4 Nf7 21. Rxd8
Rxd8 22. Rxd8 Qxd8 23. Nf3 Nd6 24. Qd3 Nf7 25. Qxd8 Nxd8 26. Nd2 Nf7 27. a4 Nd6
28. f3 Nd7 29. Kf2 Kf7 30. Bc3 Ke7 31. g4 Kf7 32. Kg3 Ba8 33. Bd3 Ne5 34. Be2
Nd7 35. Kf4 Bb7 36. Nb3 Ke7 37. e4 e5+ 38. Ke3 Nf8 39. Bxa5 bxa5 40. Nxc5 Bc8
41. Kd2 Ne6 42. Nxe6 Bxe6 43. c5 Nb7 44. c6 Nd8 45. Kc3 Kd6 46. Bd3 Nf7 47. Be2
Kc5 48. c7 Nd6 0-1

[Event "2.BLS 1617 SF Schöneck - SC Heusenstam"]
[Site "?"]
[Date "2016.11.20"]
[Round "2.2"]
[White "Poetsch, Hagen"]
[Black "Wieczorek, Oskar"]
[Result "1-0"]
[WhiteElo "2496"]
[BlackElo "2465"]
[PlyCount "51"]
[EventDate "2016.??.??"]

1. e4 c5 2. Nf3 d6 3. d4 cxd4 4. Nxd4 Nf6 5. Nc3 a6 6. Bg5 Nbd7 7. Qe2 e6 8.
O-O-O h6 9. Bh4 Be7 10. f4 Qc7 11. Bg3 g6 12. h4 b5 13. e5 dxe5 14. fxe5 Nh5
15. Bh2 Nc5 16. g4 Ng7 17. Bg2 Bb7 18. b4 Bxg2 19. Qxg2 Nb7 20. Ne4 O-O-O 21.
Nd6+ Bxd6 22. exd6 Qc4 23. Nc6 Rd7 24. Ne5 Qc3 25. Rd3 Qa1+ 26. Kd2 1-0

[Event "2.BLS 1617 SF Schöneck - SC Heusenstam"]
[Site "?"]
[Date "2016.11.20"]
[Round "2.3"]
[White "Weichhold, Pawel"]
[Black "Rasik, Vitezslav"]
[Result "1/2-1/2"]
[WhiteElo "2407"]
[BlackElo "2446"]
[PlyCount "61"]
[EventDate "2016.??.??"]

1. e4 d6 2. d4 g6 3. Nc3 Bg7 4. Be3 Nf6 5. h3 O-O 6. Nf3 b6 7. e5 Nfd7 8. exd6
cxd6 9. Be2 Bb7 10. O-O Nc6 11. Qd2 Rc8 12. Bh6 Na5 13. Bxg7 Kxg7 14. d5 Nf6
15. Qd4 Qc7 16. Rfe1 Qc5 17. Rad1 Qxd4 18. Rxd4 Rxc3 19. bxc3 Nxd5 20. Bc4 Nxc4
21. Rxc4 b5 22. Rd4 Rc8 23. Rd3 Rc4 24. Nd4 a6 25. Ne2 Ra4 26. Nc1 Kf8 27. f3
Rc4 28. Ne2 Ra4 29. Nc1 Rc4 30. Ne2 Ra4 31. Nc1 1/2-1/2

[Event "2.BLS 1617 SF Schöneck - SC Heusenstam"]
[Site "?"]
[Date "2016.11.20"]
[Round "2.4"]
[White "Marchio, Enrico"]
[Black "Barski, Radoslaw"]
[Result "0-1"]
[WhiteElo "2321"]
[BlackElo "2387"]
[PlyCount "66"]
[EventDate "2016.??.??"]

1. Nf3 c5 2. b3 Nf6 3. Bb2 e6 4. e3 Be7 5. Be2 b6 6. O-O Bb7 7. c4 O-O 8. Nc3
d6 9. d4 Nbd7 10. Qc2 Rc8 11. Rad1 a6 12. Qb1 Rc7 13. Nd2 cxd4 14. exd4 Qa8 15.
f3 d5 16. Rfe1 Bd6 17. cxd5 exd5 18. Bd3 Re8 19. Rxe8+ Qxe8 20. Nf1 Nf8 21. Ne2
Ne6 22. Bc1 h5 23. h4 g6 24. Kf2 Qe7 25. g3 Ne8 26. Ne3 Qf6 27. Bc2 N8g7 28.
Ng2 Re7 29. Ngf4 Nxf4 30. Nxf4 Ne6 31. Nxe6 Qxe6 32. Bd3 Qh3 33. Rg1 Qh2+ 0-1

[Event "2.BLS 1617 SF Schöneck - SC Heusenstam"]
[Site "?"]
[Date "2016.11.20"]
[Round "2.5"]
[White "Solonar, Stefan"]
[Black "Heinatz, Thomas"]
[Result "1/2-1/2"]
[WhiteElo "2325"]
[BlackElo "2278"]
[PlyCount "109"]
[EventDate "2016.??.??"]

1. c4 g6 2. e4 Bg7 3. d4 d6 4. Nf3 Nf6 5. Nc3 O-O 6. Be2 Nbd7 7. O-O e5 8. Be3
Re8 9. Qc2 exd4 10. Nxd4 Nc5 11. f3 Nh5 12. Qd2 c6 13. Rad1 Qe7 14. g4 Nf6 15.
Nc2 Bf8 16. Bf4 Rd8 17. e5 dxe5 18. Qxd8 exf4 19. Qxe7 Bxe7 20. b4 Ne6 21. c5
h5 22. h3 b6 23. cxb6 axb6 24. Bc4 b5 25. Bb3 Kg7 26. Rfe1 hxg4 27. hxg4 Ra7
28. Kg2 Rb7 29. Ne4 Nxe4 30. Rxe4 Bf6 31. Rd6 Rc7 32. a4 bxa4 33. Bxa4 Bb7 34.
Rc4 Be5 35. Rd1 c5 36. b5 Ng5 37. Ne1 Ne6 38. Nd3 Bd4 39. Nb4 Rc8 40. Nc6 Bxc6
41. bxc6 Kf6 42. Rb1 Nc7 43. Rd1 Ke5 44. Bb3 Ne6 45. Ba4 Kd6 46. Rb1 Nc7 47.
Rd1 Nd5 48. Rcxd4 cxd4 49. Rxd4 Kc5 50. Rd2 g5 51. Kf2 Nb6 52. Rc2+ Kb4 53.
Rb2+ Kc5 54. Rc2+ Kd6 55. Rd2+ 1/2-1/2

[Event "2.BLS 1617 SF Schöneck - SC Heusenstam"]
[Site "?"]
[Date "2016.11.20"]
[Round "2.6"]
[White "Meyer, Kai-Christian"]
[Black "Klundt, Klaus"]
[Result "0-1"]
[WhiteElo "2186"]
[BlackElo "2300"]
[PlyCount "84"]
[EventDate "2016.??.??"]

1. c4 e6 2. e4 d5 3. cxd5 exd5 4. e5 c5 5. Nf3 Nc6 6. Bb5 Nge7 7. O-O a6 8.
Bxc6+ Nxc6 9. d4 Bg4 10. dxc5 Bxc5 11. Bf4 O-O 12. h3 Bh5 13. Nc3 d4 14. Ne4
Qd5 15. Nxc5 Qxc5 16. Re1 Qd5 17. g4 Bg6 18. a3 f6 19. e6 Rae8 20. Rc1 Be4 21.
Nd2 Rxe6 22. f3 Bg6 23. Rxe6 Qxe6 24. Qb3 Qxb3 25. Nxb3 Ne5 26. Rc7 Nxf3+ 27.
Kf2 Ng5 28. Nxd4 Nxh3+ 29. Kg3 Nxf4 30. Kxf4 Re8 31. Nf5 Bxf5 32. gxf5 b5 33.
Ra7 g5+ 34. fxg6 hxg6 35. Rxa6 Kf7 36. Rb6 g5+ 37. Kg4 Re4+ 38. Kf3 Re5 39. Rb8
Kg6 40. Kg4 f5+ 41. Kg3 Re3+ 42. Kf2 Rb3 0-1

[Event "2.BLS 1617 SF Schöneck - SC Heusenstam"]
[Site "?"]
[Date "2016.11.20"]
[Round "2.7"]
[White "Kolesnik, Eduard"]
[Black "Garbe, Ralf"]
[Result "1-0"]
[WhiteElo "2272"]
[BlackElo "2219"]
[PlyCount "55"]
[EventDate "2016.??.??"]

1. e4 g6 2. d4 Bg7 3. Nc3 d6 4. Be3 c6 5. Qd2 b5 6. Bd3 Nd7 7. a4 b4 8. Nce2
Qa5 9. c3 Rb8 10. Nf3 Ngf6 11. O-O O-O 12. Rfc1 bxc3 13. Qxc3 Qxc3 14. bxc3 c5
15. Rab1 Bb7 16. Nd2 Rfc8 17. f3 Bc6 18. a5 e6 19. Kf2 Ne8 20. Ba6 Rd8 21. Rxb8
Rxb8 22. Rb1 Rxb1 23. Nxb1 Nc7 24. Bc8 Bf8 25. Bf4 Nb5 26. d5 Nb8 27. dxc6 Nxc6
28. Bd7 1-0

[Event "2.BLS 1617 SF Schöneck - SC Heusenstam"]
[Site "?"]
[Date "2016.11.20"]
[Round "2.8"]
[White "Everett, Elijah"]
[Black "Krenz, Valeriy"]
[Result "0-1"]
[WhiteElo "2083"]
[BlackElo "2252"]
[PlyCount "108"]
[EventDate "2016.??.??"]

1. e4 e6 2. d4 d5 3. Nd2 g6 4. Ngf3 Bg7 5. c3 Nh6 6. Bd3 f6 7. Qe2 Nf7 8. c4
Nd7 9. O-O O-O 10. Re1 dxe4 11. Bxe4 e5 12. dxe5 Ndxe5 13. Nxe5 Nxe5 14. Nf3
Bg4 15. h3 Bxf3 16. Bxf3 Qd4 17. Rd1 Nxf3+ 18. Qxf3 Qxc4 19. Qb3 Qxb3 20. axb3
f5 21. Be3 Bxb2 22. Rxa7 Rxa7 23. Bxa7 Ra8 24. Bb6 Ra1 25. Rxa1 Bxa1 26. g4 Kf7
27. Kg2 Be5 28. gxf5 gxf5 29. Kf3 Ke6 30. Ke3 Kd5 31. Kd3 c5 32. f3 Bd4 33. Bc7
b5 34. Bf4 c4+ 35. bxc4+ bxc4+ 36. Kd2 Ke6 37. Ke2 Kf6 38. Kf1 Kg6 39. Bc1 Kh5
40. Kg2 c3 41. Kg3 Bf6 42. Kf2 Kh4 43. Kg2 Be5 44. Be3 Bg3 45. Bd4 Be1 46. Bc5
Kg5 47. Kf1 Bd2 48. Be7+ Kf4 49. Ke2 Kg3 50. h4 Bf4 51. Kd3 Be5 52. Ke3 h5 53.
Ke2 f4 54. Bd8 c2 0-1

[Event "2.BLS 1617 SC Heusenstamm - SC Eppingen"]
[Site "?"]
[Date "2016.12.04"]
[Round "3.1"]
[White "Breder, Dennis"]
[Black "Sadzikowski, Daniel"]
[Result "1/2-1/2"]
[WhiteElo "2457"]
[BlackElo "2547"]
[PlyCount "39"]
[EventDate "2016.??.??"]

1. e4 c5 2. Nf3 d6 3. Bb5+ Nd7 4. d4 cxd4 5. Qxd4 a6 6. Bxd7+ Bxd7 7. O-O e5 8.
Qd3 Rc8 9. b3 Qc7 10. c4 b5 11. Nbd2 Nf6 12. Ba3 Be7 13. Rfc1 Qb8 14. cxb5 Bxb5
15. Rxc8+ Qxc8 16. Nc4 O-O 17. Nfxe5 Re8 18. Nf3 d5 19. Bxe7 dxc4 20. bxc4
1/2-1/2

[Event "2.BLS 1617 SC Heusenstamm - SC Eppingen"]
[Site "?"]
[Date "2016.12.04"]
[Round "3.2"]
[White "Wieczorek, Oskar"]
[Black "Noe, Christopher"]
[Result "1/2-1/2"]
[WhiteElo "2470"]
[BlackElo "2434"]
[PlyCount "96"]
[EventDate "2016.??.??"]

1. e4 d5 2. exd5 Qxd5 3. Nf3 Nf6 4. d4 c6 5. Be2 Bg4 6. c4 Qa5+ 7. Nc3 e6 8.
O-O Be7 9. Bf4 Nbd7 10. Qd2 Bb4 11. Qe3 O-O 12. Rac1 Rfe8 13. Ne5 Bxe2 14. Qxe2
Rad8 15. a3 Be7 16. h3 Nf8 17. Rfd1 Ng6 18. Bg3 Bd6 19. c5 Bb8 20. Nc4 Qa6 21.
Bxb8 Rxb8 22. Nd6 Qxe2 23. Nxe2 Red8 24. b4 Ne7 25. f4 Ned5 26. Kf2 b5 27. Kf3
Ne8 28. Nxe8 Rxe8 29. Nc3 a5 30. Nxd5 exd5 31. bxa5 Ra8 32. Re1 Kf8 33. Rxe8+
Kxe8 34. g4 Rxa5 35. Rc3 Ra4 36. Rd3 Ke7 37. f5 Rc4 38. g5 f6 39. h4 Kf7 40.
Kg3 Rc1 41. Re3 Rg1+ 42. Kf4 Rd1 43. Re6 Rxd4+ 44. Kg3 Rd3+ 45. Kf4 Rxa3 46.
Rxc6 Ra4+ 47. Kg3 Ra3+ 48. Kf4 Ra4+ 1/2-1/2

[Event "2.BLS 1617 SC Heusenstamm - SC Eppingen"]
[Site "?"]
[Date "2016.12.04"]
[Round "3.4"]
[White "Weichhold, Pawel"]
[Black "Medvegy, Zoltan"]
[Result "1-0"]
[WhiteElo "2416"]
[BlackElo "2543"]
[PlyCount "139"]
[EventDate "2016.??.??"]

1. e4 e6 2. d4 d5 3. Nc3 Bb4 4. e5 c5 5. Bd2 Ne7 6. a3 Bxc3 7. Bxc3 b6 8. Bb5+
Nbc6 9. f4 Bd7 10. Bd3 cxd4 11. Bd2 b5 12. Nf3 Qb6 13. O-O Nf5 14. Bxf5 d3+ 15.
Kh1 exf5 16. cxd3 d4 17. Rc1 O-O 18. Qc2 Rab8 19. Qc5 b4 20. Bxb4 Nxb4 21. axb4
Qxb4 22. Qxa7 Rb7 23. Qxd4 Qxd4 24. Nxd4 Rxb2 25. h3 g6 26. Rc7 Rd8 27. Rfc1
Rd2 28. R1c5 Be8 29. Nf3 R2xd3 30. e6 fxe6 31. Ne5 R3d5 32. Rc3 Rd4 33. Re7
Rxf4 34. Rcc7 Rh4 35. Nf3 Rh5 36. Nd4 Ra8 37. Nxe6 Rh4 38. Ng5 f4 39. Nxh7 f3
40. gxf3 Rxh3+ 41. Kg2 Rxh7 42. Rxh7 Ra5 43. Rhe7 Kf8 44. Re6 Ra8 45. Kg3 Rd8
46. f4 Rd3+ 47. Kf2 Rd8 48. Ra7 Rd2+ 49. Ke3 Rd8 50. Rf6+ Kg8 51. Re7 Rc8 52.
Kf2 Rd8 53. Kg3 Rd3+ 54. Kf2 Rd8 55. Ke3 Ra8 56. Kf3 g5 57. fxg5 Bh5+ 58. Kf4
Ra4+ 59. Kf5 Ra5+ 60. Re5 Rxe5+ 61. Kxe5 Kg7 62. Kf4 Be8 63. Ke5 Bd7 64. g6 Bc8
65. Rc6 Bh3 66. Rb6 Bc8 67. Rd6 Bh3 68. Rc6 Bg2 69. Rc3 Bf1 70. Kf5 1-0